La Justicia Transicional y Derecho penal internacional Alianzas y Desencuentros /

Detalles Bibliográficos
Autor principal: Cm̀ara Arroyo, Sergio
Formato: eBook
Lenguaje:español
Publicado: Barcelona: J.M. Bosch Editor, 2020
Materias:
Acceso en línea:Acceso restringido

MARC

LEADER 00000nam a22000007a 4500
005 20220418230332.0
007 cr|||| |||
008 220418s2020 ea |||||s|||| 00||0 spa d
020 |a 978-84-122314-9-6 
035 |a 35575 
040 |a vLex 
090 |c 13198  |d 13198 
100 1 |a Cm̀ara Arroyo, Sergio 
245 1 2 |a La Justicia Transicional y Derecho penal internacional  |h [Recurso electrn̤ico] :  |b Alianzas y Desencuentros /  |c Sergio Cm̀ara Arroyo 
256 |a Servicio en ln̕ea 
260 |a Barcelona:  |b J.M. Bosch Editor,  |c 2020 
300 |a 1 recurso electrn̤ico 
500 |a El třmino Justicia transicional o Justicia de transicin̤ es un concepto polm̌ico. Naciones Unidas lo ha definido como toda la variedad de procesos y mecanismos asociados con los intentos de una sociedad por resolver los problemas derivados de un pasado de abusos a gran escala, a fin de que los responsables rindan cuentas de sus actos, servir a la justicia y lograr la reconciliacin̤. Sin embargo, su desarrollo ter̤ico an︢ se encuentra en ciernes, a pesar de haber recibido cada vez una mayor atencin̤ por parte de la doctrina especializada desde diversos frentes acadm̌icos y cientf̕icos –Derecho, Sociologa̕, Ciencias polt̕icas, Filosofa̕- y a su, cada vez ms̀ frecuente, uso prc̀tico, aplicable a un nm︢ero creciente de Estados y conflictos sistm̌icos. Esta obra pretende realizar una aproximacin̤ hols̕tica a la Justicia transicional como nuevo campo de estudio desde la perspectiva del Derecho penal internacional, atendiendo a su conceptualizacin̤ ter̤ica, su historia y desarrollo prc̀tico, as ̕como las principales herramientas o procesos a travš de las cuales puede operar (Comisiones de la Verdad, Amnista̕s, Indultos, Procesos de Paz, Reparacin̤ y reconciliacin̤, Reforma institucional) y los conflictos a los que se encuentra orientada (Crm̕enes internacionales y transnacionales). El objetivo del presente volumen es el estudio de la Justicia de transicin̤ como parte de una estrategia conjunta de resolucin̤ de conflictos en los supuestos de crm̕enes internacionales o transnacionales en la que participen las figuras fundamentales del Derecho penal internacional: Justicia Universal, Corte Penal Internacional, Tribunales penales internacionales. Desde este enfoque se verificarǹ los principales puntos de cooperacin̤ entre ambas disciplinas, as ̕como los puntos en los que existe un mayor distanciamiento entre sus objetivos: lucha contra la impunidad, restablecimiento de la paz y la estabilidad social. De este modo, en el camino para verificar las principales alianzas y desencuentros entre el Derecho penal internacional y la Justicia transicional se analizarǹ cuestiones tan relevantes como el significado del interš de la Justicia en el marco del Estatuto de Roma, el alcance de la obligacin̤ de juzgar y castigar los crm̕enes internacionales, la importancia de las Comisiones de la Verdad para establecer una adecuada reparacin̤ a las vc̕timas y construir un concepto viable de memoria histr̤ica, los principales elementos de los Crm̕enes internacionales objeto de enjuiciamiento por parte de la Corte Penal Internacional, las relaciones entre la Justicia de transicin̤ y la Justicia restaurativa, etc. 
506 1 |a Disponible solo en los productos indicados  |d vLex Global  |d vLex Global (Academic Edition, excluding Law Schools)  |d vLex Global (U.S. Academic Edition, Law Schools)  |d vLex Global (U.S. Academic Edition, excluding Law Schools)  |d vLex Global (Academic Edition, Law Schools) 
650 0 4 |a Derecho Penal  |z Espaą 
650 0 4 |a Derecho Internacional  |z Espaą 
740 0 |a vLex Libros (Servicio en ln̕ea) 
856 4 0 |u https://app.vlex.com/#/sources/35575  |z Acceso restringido 
942 |c BOOK 
999 0 |a Criminal Law 
999 0 |a International Law